| 000 | 00678nam a22002177a 4500 | ||
|---|---|---|---|
| 999 |
_c7456 _d7456 |
||
| 001 | 7456 | ||
| 003 | BD-JhCC | ||
| 005 | 20180210164649.0 | ||
| 008 | 180210s1990 bg |||| |||| 00| 0 be d | ||
| 035 | _a(BD-JhCC)7456 | ||
| 040 |
_aBD-JhCC _dBD-JhCC |
||
| 041 | _aeng | ||
| 082 |
_a891.443 _bALI 1990 |
||
| 100 | _aআলী, মোবাশ্বের | ||
| 245 |
_aবরিস পাস্তেরনাক / _cমোবাশ্বের আলী |
||
| 260 |
_aঢাকা : _bবাংলা একাডেমী ঢাকা, _c১৯৯০. |
||
| 300 |
_a১৫৬ পৃ. : _c২২ সেমি. |
||
| 650 | _aBengali Novel | ||
| 942 |
_2ddc _cBK |
||